000
00230nam a2200097Ia 4500
001
725679
005
20250826163414.0
008
250824s9999 xx 000 0 und d
245
0
_a
BAŞARI OKULU
_c
ÖZGÜR GEZ
260
_b
ATLI KARINCA
999
_c
725679
_d
725679